[Event "DVM U14 2024"]
[Site "Heidelberg GER"]
[Date "2024.12.29"]
[Round "6"]
[White "Berbig, Georg"]
[Black "Pflug, Anton"]
[Result "0-1"]
[Termination "normal"]
[Board "3.3"]
[WhiteElo "1666"]
[BlackElo "1812"]
[WhiteClock "00:02:45"]
[BlackClock "00:30:53"]
[WhiteTeam "SSV Vimaria 91 Weimar"]
[BlackTeam "Schachzwerge Magdeburg"]
[PlyCount "74"]
[WhiteFideId "34640401"]
[BlackFideId "34611495"]
[EventCountry "GER"]
[EventRounds "7"]
[EventType "team-swiss"]
[EventDate "2024.12.26"]

1. e4 {[%clk 01:30:57]} {[%emt 00:00:02]} e5 {[%clk 01:30:46]} {[%emt
00:00:14]} 2. Nf3 {[%clk 01:31:22]} {[%emt 00:00:05]} Nc6 {[%clk 01:31:10]}
{[%emt 00:00:06]} 3. Nc3 {[%clk 01:31:45]} {[%emt 00:00:07]} Nf6 {[%clk
01:31:32]} {[%emt 00:00:08]} 4. a3 {[%clk 01:31:58]} {[%emt 00:00:18]} d5
{[%clk 01:28:01]} {[%emt 00:04:01]} 5. Bb5 {[%clk 01:30:39]} {[%emt 00:01:48]}
d4 {[%clk 01:24:43]} {[%emt 00:03:48]} 6. Ne2 {[%clk 01:27:56]} {[%emt
00:03:12]} Bd6 {[%clk 01:23:23]} {[%emt 00:01:50]} 7. Bxc6+ {[%clk 01:27:11]}
{[%emt 00:01:16]} bxc6 {[%clk 01:23:46]} {[%emt 00:00:08]} 8. d3 {[%clk
01:26:51]} {[%emt 00:00:49]} h6 {[%clk 01:23:18]} {[%emt 00:00:58]} 9. Ng3
{[%clk 01:22:00]} {[%emt 00:05:20]} Be6 {[%clk 01:20:55]} {[%emt 00:02:53]} 10.
O-O {[%clk 01:17:23]} {[%emt 00:05:07]} O-O {[%clk 01:18:17]} {[%emt 00:03:07]}
11. Qe2 {[%clk 01:11:36]} {[%emt 00:06:17]} Nd7 {[%clk 01:15:57]} {[%emt
00:02:51]} 12. c3 {[%clk 00:58:39]} {[%emt 00:13:27]} c5 {[%clk 01:12:02]}
{[%emt 00:04:25]} 13. Ne1 {[%clk 00:55:42]} {[%emt 00:03:27]} f5 {[%clk
01:03:24]} {[%emt 00:09:08]} 14. f4 {[%clk 00:44:26]} {[%emt 00:11:46]} fxe4
{[%clk 00:52:29]} {[%emt 00:11:25]} 15. Nxe4 {[%clk 00:43:50]} {[%emt
00:01:05]} Bd5 {[%clk 00:52:47]} {[%emt 00:00:13]} 16. Nxd6 {[%clk 00:36:49]}
{[%emt 00:07:31]} cxd6 {[%clk 00:53:09]} {[%emt 00:00:08]} 17. c4 {[%clk
00:36:36]} {[%emt 00:00:43]} Bc6 {[%clk 00:50:01]} {[%emt 00:03:37]} 18. b4
{[%clk 00:34:24]} {[%emt 00:02:44]} Qc7 {[%clk 00:45:25]} {[%emt 00:05:06]} 19.
Qg4 {[%clk 00:19:45]} {[%emt 00:15:07]} Rae8 {[%clk 00:40:20]} {[%emt
00:05:36]} 20. fxe5 {[%clk 00:16:05]} {[%emt 00:04:11]} Rxf1+ {[%clk 00:40:37]}
{[%emt 00:00:13]} 21. Kxf1 {[%clk 00:16:23]} {[%emt 00:00:11]} Nxe5 {[%clk
00:41:01]} {[%emt 00:00:06]} 22. Qg3 {[%clk 00:16:29]} {[%emt 00:00:23]} Rf8+
{[%clk 00:38:45]} {[%emt 00:02:48]} 23. Ke2 {[%clk 00:14:45]} {[%emt 00:02:14]}
Qe7 {[%clk 00:36:59]} {[%emt 00:02:15]} 24. Kd1 {[%clk 00:13:41]} {[%emt
00:01:34]} Ba4+ {[%clk 00:36:17]} {[%emt 00:01:12]} 25. Kd2 {[%clk 00:11:59]}
{[%emt 00:02:11]} d5 {[%clk 00:34:57]} {[%emt 00:01:50]} 26. cxd5 {[%clk
00:08:33]} {[%emt 00:03:57]} c4 {[%clk 00:32:45]} {[%emt 00:02:42]} 27. Bb2
{[%clk 00:02:22]} {[%emt 00:06:40]} c3+ {[%clk 00:32:09]} {[%emt 00:01:06]} 28.
Bxc3 {[%clk 00:02:49]} {[%emt 00:00:04]} dxc3+ {[%clk 00:32:31]} {[%emt
00:00:08]} 29. Kxc3 {[%clk 00:03:10]} {[%emt 00:00:09]} Qf6 {[%clk 00:32:18]}
{[%emt 00:00:44]} 30. Kd2 {[%clk 00:03:01]} {[%emt 00:00:39]} Nc4+ {[%clk
00:32:28]} {[%emt 00:00:19]} 31. dxc4 {[%clk 00:03:19]} {[%emt 00:00:12]} Qxa1
{[%clk 00:32:51]} {[%emt 00:00:07]} 32. d6 {[%clk 00:02:36]} {[%emt 00:01:13]}
Qd4+ {[%clk 00:31:00]} {[%emt 00:02:21]} 33. Nd3 {[%clk 00:02:29]} {[%emt
00:00:38]} Qxc4 {[%clk 00:30:14]} {[%emt 00:01:17]} 34. Qe5 {[%clk 00:02:18]}
{[%emt 00:00:40]} Bb5 {[%clk 00:30:15]} {[%emt 00:00:29]} 35. Qc3 {[%clk
00:01:52]} {[%emt 00:00:55]} Qxd3+ {[%clk 00:30:05]} {[%emt 00:00:41]} 36. Qxd3
{[%clk 00:02:17]} {[%emt 00:00:04]} Bxd3 {[%clk 00:30:29]} {[%emt 00:00:06]}
37. Kxd3 {[%clk 00:02:45]} {[%emt 00:00:03]} Rd8 {[%clk 00:30:53]} {[%emt
00:00:07]} 0-1

[Event "DVM U14 2024"]
[Site "Heidelberg GER"]
[Date "2024.12.29"]
[Round "6"]
[White "Mandalka, Justus"]
[Black "Mohylnyi, Stepan"]
[Result "0-1"]
[Termination "normal"]
[Board "6.1"]
[WhiteElo "2059"]
[BlackElo "2180"]
[WhiteClock "01:16:05"]
[BlackClock "01:23:30"]
[WhiteTeam "SK Bad Homburg 1927"]
[BlackTeam "SC Noris-Tarrasch Nürnberg 1873"]
[PlyCount "44"]
[WhiteFideId "16298144"]
[BlackFideId "34127836"]
[EventCountry "GER"]
[EventRounds "7"]
[EventType "team-swiss"]
[EventDate "2024.12.26"]

1. e4 {[%clk 01:30:57]} {[%emt 00:00:02]} c5 {[%clk 01:30:55]} {[%emt
00:00:06]} 2. Nf3 {[%clk 01:31:22]} {[%emt 00:00:05]} e6 {[%clk 01:31:23]}
{[%emt 00:00:03]} 3. d4 {[%clk 01:31:47]} {[%emt 00:00:05]} cxd4 {[%clk
01:31:50]} {[%emt 00:00:04]} 4. Nxd4 {[%clk 01:32:10]} {[%emt 00:00:06]} a6
{[%clk 01:32:17]} {[%emt 00:00:03]} 5. Nc3 {[%clk 01:32:33]} {[%emt 00:00:07]}
Qc7 {[%clk 01:32:32]} {[%emt 00:00:16]} 6. Be3 {[%clk 01:32:55]} {[%emt
00:00:07]} Nf6 {[%clk 01:32:18]} {[%emt 00:00:44]} 7. Qf3 {[%clk 01:32:34]}
{[%emt 00:00:51]} Bb4 {[%clk 01:31:18]} {[%emt 00:01:31]} 8. Bd2 {[%clk
01:27:54]} {[%emt 00:05:10]} Bxc3 {[%clk 01:25:03]} {[%emt 00:06:46]} 9. Bxc3
{[%clk 01:28:12]} {[%emt 00:00:12]} d5 {[%clk 01:25:18]} {[%emt 00:00:15]} 10.
Bd3 {[%clk 01:23:21]} {[%emt 00:05:20]} dxe4 {[%clk 01:25:01]} {[%emt
00:00:47]} 11. Bxe4 {[%clk 01:23:47]} {[%emt 00:00:04]} Qe5 {[%clk 01:22:36]}
{[%emt 00:02:56]} 12. Nf5 {[%clk 01:22:45]} {[%emt 00:01:32]} Qxe4+ {[%clk
01:22:22]} {[%emt 00:00:43]} 13. Qxe4 {[%clk 01:23:06]} {[%emt 00:00:10]} Nxe4
{[%clk 01:22:48]} {[%emt 00:00:04]} 14. Nxg7+ {[%clk 01:23:21]} {[%emt
00:00:15]} Kd7 {[%clk 01:22:06]} {[%emt 00:01:12]} 15. O-O-O+ {[%clk 01:19:35]}
{[%emt 00:04:16]} Kc6 {[%clk 01:22:21]} {[%emt 00:00:15]} 16. Nxe6 {[%clk
01:18:33]} {[%emt 00:01:32]} Bxe6 {[%clk 01:21:42]} {[%emt 00:01:10]} 17. Bxh8
{[%clk 01:18:54]} {[%emt 00:00:09]} Nxf2 {[%clk 01:22:07]} {[%emt 00:00:05]}
18. Rd8 {[%clk 01:16:55]} {[%emt 00:02:29]} Nxh1 {[%clk 01:22:26]} {[%emt
00:00:11]} 19. Be5 {[%clk 01:17:21]} {[%emt 00:00:04]} b5 {[%clk 01:22:54]}
{[%emt 00:00:03]} 20. Rxb8 {[%clk 01:17:40]} {[%emt 00:00:11]} Rxb8 {[%clk
01:23:19]} {[%emt 00:00:05]} 21. Bxb8 {[%clk 01:18:05]} {[%emt 00:00:05]} Nf2
{[%clk 01:23:46]} {[%emt 00:00:02]} 22. a3 {[%clk 01:16:05]} {[%emt 00:02:31]}
Kd5 {[%clk 01:23:30]} {[%emt 00:00:46]} 0-1